<?xml version="1.0" encoding="UTF-8"?>
<collection xmlns="http://www.loc.gov/MARC21/slim">
 <record>
  <leader>01439nam a22002417a 4500</leader>
  <controlfield tag="001">NCT_57045</controlfield>
  <controlfield tag="008">190111b        xxu||||| |||| 00| 0 vie d</controlfield>
  <datafield tag="999" ind1=" " ind2=" ">
   <subfield code="c">2754</subfield>
   <subfield code="d">2754</subfield>
  </datafield>
  <datafield tag="020" ind1=" " ind2=" ">
   <subfield code="a">9786049221828</subfield>
   <subfield code="c">37000</subfield>
  </datafield>
  <datafield tag="082" ind1="0" ind2="4">
   <subfield code="2">23rd ed.</subfield>
   <subfield code="a">332.12076</subfield>
   <subfield code="b">D464</subfield>
  </datafield>
  <datafield tag="100" ind1="1" ind2=" ">
   <subfield code="a">Nguyễn Đăng Dờn</subfield>
   <subfield code="e">Chủ biên</subfield>
  </datafield>
  <datafield tag="245" ind1="1" ind2="0">
   <subfield code="a">Hệ thống bài tập, bài giải và dạng đề thi nghiệp vụ ngân hàng thương mại</subfield>
   <subfield code="c">Nguyễn Đăng Dờn (chủ biên) ; Nguyễn Quốc Anh, Nguyễn Thị Hiền</subfield>
  </datafield>
  <datafield tag="250" ind1=" " ind2=" ">
   <subfield code="a">Tái bản lần 2 có bổ sung, chỉnh sửa</subfield>
  </datafield>
  <datafield tag="260" ind1=" " ind2=" ">
   <subfield code="a">Tp. Hồ Chí Minh</subfield>
   <subfield code="b">Kinh tế TP. Hồ Chí Minh</subfield>
   <subfield code="c">2015</subfield>
  </datafield>
  <datafield tag="300" ind1=" " ind2=" ">
   <subfield code="a">145 tr.</subfield>
   <subfield code="c">24cm</subfield>
  </datafield>
  <datafield tag="520" ind1="3" ind2=" ">
   <subfield code="a">Bài tập tình huống và bài giải gợi ý trực tiếp, giúp người học nắm bắt phương pháp xử lý các nội dung liên quan đến nghiệp vụ tín dụng của Ngân hàng thương mại.  Bài tập tình huống cũng cố kiến thức. </subfield>
  </datafield>
  <datafield tag="653" ind1=" " ind2=" ">
   <subfield code="a">Tài chính - Ngân hàng</subfield>
  </datafield>
  <datafield tag="700" ind1="1" ind2=" ">
   <subfield code="a">Nguyễn Quốc Anh</subfield>
  </datafield>
  <datafield tag="700" ind1="1" ind2=" ">
   <subfield code="a">Nguyễn Thị Hiền</subfield>
  </datafield>
  <datafield tag="700" ind1="1" ind2=" ">
   <subfield code="a">Nguyễn Văn Thầy</subfield>
  </datafield>
  <datafield tag="942" ind1=" " ind2=" ">
   <subfield code="2">ddc</subfield>
   <subfield code="c">BK</subfield>
  </datafield>
  <datafield tag="952" ind1=" " ind2=" ">
   <subfield code="0">0</subfield>
   <subfield code="1">0</subfield>
   <subfield code="2">ddc</subfield>
   <subfield code="4">0</subfield>
   <subfield code="6">332_120760000000000_D464</subfield>
   <subfield code="7">0</subfield>
   <subfield code="9">15177</subfield>
   <subfield code="a">000001</subfield>
   <subfield code="b">000001</subfield>
   <subfield code="d">2019-01-11</subfield>
   <subfield code="o">332.12076 D464</subfield>
   <subfield code="p">MD.13934</subfield>
   <subfield code="r">2019-01-11</subfield>
   <subfield code="v">37000.00</subfield>
   <subfield code="w">2019-01-11</subfield>
   <subfield code="y">BK</subfield>
  </datafield>
  <datafield tag="980" ind1=" " ind2=" ">
   <subfield code="a">Thư viện Trường Đại học Nam Cần Thơ</subfield>
  </datafield>
 </record>
</collection>
